[Event "AUTO-OPEN-4355"]
[Site "http://www.queenalice.com/game.php?id=1802689"]
[Date "2022.12.28"]
[Round "2"]
[White "Drag0nBall"]
[Black "AsterBlistok"]
[Result "0-1"]
[WhiteElo "2131"]
[BlackElo "2185"]

1. d4 d5 2. c4 e5 3. dxe5 d4 4. Nf3 Nc6 5. Nbd2 f6 6. exf6 Nxf6 7. a3 a5 8. Nb3
Be6 9. Nbxd4 Bc5 10. e3 Bg4 11. Be2 Nxd4 12. Nxd4 Bxe2 0-1

[Event "AUTO-OPEN-4355"]
[Site "http://www.queenalice.com/game.php?id=1802690"]
[Date "2022.12.28"]
[Round "2"]
[White "AsterBlistok"]
[Black "Esvir"]
[Result "1-0"]
[WhiteElo "2228"]
[BlackElo "1975"]

1. e4 e5 2. Bc4 Nc6 3. d3 h6 4. Be3 Nf6 5. h3 d5 6. exd5 Nxd5 7. Qf3 Be6 8. Nc3
Ncb4 9. Rc1 c6 10. Nge2 Be7 11. a3 Nxe3 12. fxe3 Nd5 13. Nxd5 cxd5 14. Bb5+ Bd7
15. O-O O-O 16. Qxd5 Bxb5 17. Qxb5 Qc7 18. Nc3 a6 19. Qb3 Bg5 20. Nd5 Qc5 21.
Rce1 Rad8 22. c4 b5 23. Kh1 f5 24. Nb4 Bxe3 25. cxb5+ Kh8 26. Nxa6 Qd4 27. Nb4
Qc5 28. Nc2 Bg5 29. a4 e4 30. dxe4 fxe4 31. Rxf8+ Rxf8 32. Qb4 Qc8 33. Qxe4 Bf6
34. Nd4 1-0

[Event "AUTO-MASTER-3106"]
[Site "http://www.queenalice.com/game.php?id=1803769"]
[Date "2023.1.11"]
[Round "2"]
[White "CCapivara"]
[Black "AsterBlistok"]
[Result "1-0"]
[WhiteElo "2271"]
[BlackElo "2234"]

1. e4 d5 2. exd5 Nf6 3. d4 Nxd5 4. c4 Nb6 5. Nf3 Bg4 6. d5 e6 7. Nc3 Bb4 8. Bd2
O-O 9. a3 Bxc3 10. Bxc3 exd5 11. Qd4 Re8+ 12. Kd2 f6 13. Qxg4 Re4 14. Qg3 dxc4+
15. Kc2 Nc6 16. Rd1 Qc8 17. Nd2 Rg4 18. Qh3 Qf5+ 19. Kc1 Qg6 20. f3 Rf4 21. g3
Nd4 22. Ne4 Nb3+ 23. Kb1 Rxf3 24. Qe6+ Kf8 25. Bxc4 Nxc4 26. Qxc4 Re8 27. Bb4+
c5 28. Bxc5+ Nxc5 29. Qxc5+ Kg8 30. Rhe1 h5 31. Ka1 Rf5 32. Qc4+ Kh8 33. Nd6
Rxe1 34. Rxe1 Re5 35. Rxe5 fxe5 36. Qc8+ Kh7 37. Qf5 Qxf5 38. Nxf5 Kg6 39. Ne3
Kf6 40. b4 g5 41. Kb2 e4 42. Kc3 Ke5 43. a4 1-0

[Event "AUTO-MASTER-3106"]
[Site "http://www.queenalice.com/game.php?id=1803770"]
[Date "2023.1.11"]
[Round "2"]
[White "AsterBlistok"]
[Black "CCapivara"]
[Result "1-0"]
[WhiteElo "2144"]
[BlackElo "2214"]

1. e4 d6 2. d4 Nf6 3. Nc3 c6 4. Bd3 e5 5. dxe5 dxe5 6. Be3 Bb4 7. Ne2 O-O 8. O-O
Bg4 9. f3 Bh5 10. a3 Ba5 11. b4 Bb6 12. Qd2 Nbd7 13. Kh1 Qe7 14. Bg5 Rad8 15.
Ng3 Bg6 16. Na4 Bc7 17. c4 h6 18. Bh4 c5 19. Qe3 cxb4 20. axb4 Qxb4 21. Rfb1 Qd6
22. Rxb7 Nb6 23. Nc5 Bb8 24. Be2 Qc6 25. Nf5 Bxf5 26. exf5 Bd6 27. Ne4 Qxb7 28.
Nxf6+ gxf6 29. Bxf6 Kh7 30. Bxd8 Rxd8 31. f6 Rg8 32. Bd3+ Rg6 33. Bxg6+ Kxg6 34.
c5 Nd5 35. Qe4+ Kxf6 36. Qh4+ Kg7 37. cxd6 Nf6 38. Qg3+ 1-0

[Event "AUTO-MASTER-3106"]
[Site "http://www.queenalice.com/game.php?id=1803776"]
[Date "2023.1.11"]
[Round "2"]
[White "Drag0nBall"]
[Black "AsterBlistok"]
[Result "0-1"]
[WhiteElo "2131"]
[BlackElo "2167"]

1. d4 d5 2. c4 Bf5 3. cxd5 Bxb1 4. Rxb1 Qxd5 5. a3 Nc6 6. Nf3 O-O-O 7. Qc2 Nxd4
8. Nxd4 Qxd4 9. Be3 Qe5 10. g3 Qd5 0-1

[Event "AUTO-MASTER-3106"]
[Site "http://www.queenalice.com/game.php?id=1803777"]
[Date "2023.1.11"]
[Round "2"]
[White "AsterBlistok"]
[Black "Marini"]
[Result "0-1"]
[WhiteElo "2153"]
[BlackElo "2385"]

1. e4 Nc6 2. d4 Nf6 3. e5 Nd5 4. c4 Nb6 5. Nc3 d6 6. f4 Bf5 7. Nf3 Nb4 8. Nh4
Bc2 9. Qd2 e6 10. g3 dxe5 11. a3 exd4 12. Nb5 Be4 13. axb4 Bxh1 14. Nxd4 Bxb4
15. Qxb4 Qxd4 16. Bd2 Qg1 17. O-O-O Qxh2 18. Qa3 O-O-O 19. Qxa7 Rxd2 20. Rxd2
Qg1 21. Rd1 Qe3+ 22. Kb1 Be4+ 23. Ka1 Rd8 0-1

[Event "AUTO-MASTER-3106"]
[Site "http://www.queenalice.com/game.php?id=1803778"]
[Date "2023.1.11"]
[Round "2"]
[White "Marini"]
[Black "AsterBlistok"]
[Result "1-0"]
[WhiteElo "2379"]
[BlackElo "2163"]

1. e4 d5 2. exd5 Nf6 3. c4 e6 4. dxe6 Bxe6 5. d4 Bb4+ 6. Bd2 Bxd2+ 7. Qxd2 O-O
8. Nc3 Re8 9. O-O-O c6 10. Nf3 Nbd7 11. Bd3 h6 12. Ne5 Nxe5 13. dxe5 Nd7 14. Qe3
Qa5 15. f4 f6 16. Bg6 Re7 17. exf6 Nxf6 18. Rd6 Ng4 19. Qe1 Qc5 20. Rxe6 Nf2 21.
Rxe7 Qd6 22. Re8+ Rxe8 23. Qxe8+ 1-0

[Event "AUTO-OPEN-4355"]
[Site "http://www.queenalice.com/game.php?id=1814296"]
[Date "2023.6.18"]
[Round "3"]
[White "AsterBlistok"]
[Black "CCapivara"]
[Result "0-1"]
[WhiteElo "2213"]
[BlackElo "2302"]

1. d4 d6 2. Bf4 Nf6 3. Nd2 c6 4. e3 Bg4 5. Ngf3 Nbd7 6. Be2 e6 7. h3 Bh5 8. c3
Be7 9. Qc2 O-O 10. Bd3 Rc8 11. Nh4 e5 12. dxe5 dxe5 13. Bh2 Bg6 14. Nxg6 hxg6
15. O-O-O Qa5 16. Kb1 Rfd8 17. Nc4 Qc7 18. f4 e4 19. Bxe4 Nxe4 20. Qxe4 Nf6 21.
Qf3 b5 22. Rxd8+ Rxd8 23. Ne5 c5 24. g4 Bd6 25. g5 Bxe5 0-1

[Event "AUTO-OPEN-4355"]
[Site "http://www.queenalice.com/game.php?id=1814297"]
[Date "2023.6.18"]
[Round "3"]
[White "CCapivara"]
[Black "AsterBlistok"]
[Result "1-0"]
[WhiteElo "2292"]
[BlackElo "2223"]

1. e4 c5 2. Nf3 d6 3. d4 cxd4 4. Nxd4 e5 5. Nb5 a6 6. N5c3 Nf6 7. Bg5 Be7 8.
Bxf6 Bxf6 9. Nd5 Be6 10. c3 O-O 11. Nxf6+ Qxf6 12. Qxd6 Rd8 13. Qb4 b5 14. Nd2
Nc6 15. Qc5 Rac8 16. Qe3 Qg6 17. Nf3 f6 18. g3 Ra8 19. Be2 Qf7 20. a3 Bh3 21.
Rd1 Bg2 22. Rg1 Bxf3 23. Bxf3 Qa2 24. Qc1 Na5 25. Rxd8+ Rxd8 26. Kf1 1-0

[Event "AUTO-OPEN-4355"]
[Site "http://www.queenalice.com/game.php?id=1814298"]
[Date "2023.6.18"]
[Round "3"]
[White "AsterBlistok"]
[Black "josebaron"]
[Result "1/2-1/2"]
[WhiteElo "2223"]
[BlackElo "2224"]

1. e4 e5 2. Bc4 Nf6 3. d4 exd4 4. Nf3 Bc5 5. e5 d5 6. exd6 Qxd6 7. Qe2+ Be6 8.
Ng5 O-O 9. Nxe6 Re8 10. Bf4 Qb6 11. Nd2 Nbd7 12. O-O-O fxe6 1/2-1/2

[Event "AUTO-OPEN-4355"]
[Site "http://www.queenalice.com/game.php?id=1814299"]
[Date "2023.6.18"]
[Round "3"]
[White "josebaron"]
[Black "AsterBlistok"]
[Result "1/2-1/2"]
[WhiteElo "2224"]
[BlackElo "2223"]

1. e4 d5 2. exd5 Nf6 3. Nf3 Nxd5 4. d4 Bg4 5. Be2 e6 6. c4 Nb6 7. Ne5 Bxe2 8.
Qxe2 Qxd4 9. O-O Bd6 10. Nd3 Qh4 11. f4 Nxc4 12. Qe4 Na5 13. b4 1/2-1/2

[Event "AUTO-OPEN-4511"]
[Site "http://www.queenalice.com/game.php?id=1832238"]
[Date "2024.2.23"]
[Round "1"]
[White "josebaron"]
[Black "AsterBlistok"]
[Result "1/2-1/2"]
[WhiteElo "2209"]
[BlackElo "2217"]

1. e4 d5 2. exd5 Nf6 3. Bb5+ Bd7 4. Bxd7+ Nbxd7 5. Nf3 Nxd5 6. d4 e6 7. O-O Bd6
8. c4 N5f6 9. Bg5 Be7 10. Ne5 O-O 11. Nxd7 Qxd7 12. Nc3 h6 13. Bh4 Nh7 14. Bxe7
Qxe7 15. Ne2 Rad8 16. Qb3 b6 17. a4 a5 18. Rad1 Qf6 19. Qb5 Rfe8 20. f4 Re7 21.
h3 1/2-1/2

[Event "AUTO-OPEN-4511"]
[Site "http://www.queenalice.com/game.php?id=1832239"]
[Date "2024.2.23"]
[Round "1"]
[White "AsterBlistok"]
[Black "josebaron"]
[Result "1-0"]
[WhiteElo "2204"]
[BlackElo "2215"]

1. e4 e5 2. Bc4 Nf6 3. d4 exd4 4. Nf3 Bb4+ 5. c3 dxc3 6. Bxf7+ Kxf7 7. Qb3+ d5
8. Ng5+ Kg6 9. Qxb4 c2 10. Nc3 dxe4 11. Qb3 h6 12. Qf7+ Kf5 13. Ngxe4 Be6 14.
Ng3+ Ke5 15. Qg6 Kd6 16. Bf4+ Kc6 17. Qxc2 1-0

[Event "AUTO-OPEN-4511"]
[Site "http://www.queenalice.com/game.php?id=1832258"]
[Date "2024.2.23"]
[Round "1"]
[White "TammieM3ENF"]
[Black "AsterBlistok"]
[Result "0-1"]
[WhiteElo "1058"]
[BlackElo "2217"]

1. d4 d5 2. Nc3 Bf5 3. b4 e6 4. a4 Bxb4 5. a5 Bxc3+ 6. Bd2 Bxa1 7. Qxa1 Bxc2 8.
Qa2 Bf5 9. e3 Nc6 10. a6 bxa6 11. Qxa6 Nge7 12. e4 dxe4 13. f3 O-O 14. g4 Bg6
15. fxe4 Bxe4 16. Nh3 Bxh1 17. Ng5 Qxd4 18. h4 Qxg4 19. h5 Qxh5 20. Qb7 Qh4+ 21.
Kd1 Rfd8 22. Qxc7 Qxg5 23. Bd3 Rxd3 24. Kc2 Qxd2+ 25. Kb1 Rb3+ 26. Ka1 Qb2# 0-1

[Event "AUTO-OPEN-4511"]
[Site "http://www.queenalice.com/game.php?id=1832259"]
[Date "2024.2.23"]
[Round "1"]
[White "AsterBlistok"]
[Black "TammieM3ENF"]
[Result "1-0"]
[WhiteElo "2216"]
[BlackElo "1124"]

1. e4 e5 2. Bc4 d6 3. Nf3 c6 4. d4 b5 5. Bb3 c5 6. dxc5 a5 7. Qd5 Ra7 8. cxd6 b4
9. Be3 a4 10. Bc4 b3 11. c3 bxa2 12. Rxa2 g6 13. Bxa7 f5 14. Qf7# 1-0

[Event "AUTO-OPEN-4511"]
[Site "http://www.queenalice.com/game.php?id=1832270"]
[Date "2024.2.23"]
[Round "1"]
[White "AsterBlistok"]
[Black "Rafale2000"]
[Result "1-0"]
[WhiteElo "2223"]
[BlackElo "1983"]

1. e4 Nf6 2. e5 Nd5 3. d4 d6 4. c4 Nb6 5. f4 dxe5 6. fxe5 Bf5 7. Nc3 e6 8. c5
Nd5 9. Nxd5 Qxd5 10. Qa4+ c6 11. Nf3 Be7 12. Be2 O-O 13. O-O Qe4 14. Re1 Bxc5
15. Kh1 b5 16. Bxb5 cxb5 17. Qxb5 Qc6 18. Qxc5 Qxc5 19. dxc5 Nc6 20. a3 Rfd8 21.
Bg5 Rd5 22. b4 a6 23. h3 h6 24. Bd2 Rad8 25. Bc3 Rd3 26. Rac1 R8d5 27. Kh2 g5
28. a4 Kh7 29. b5 axb5 30. axb5 Rxc5 31. Bd2 Rxc1 32. Rxc1 Nxe5 33. Nxe5 Rxd2
34. b6 Rb2 35. Nd7 Kg6 36. Rc7 Be4 37. Kg1 Rxg2+ 38. Kf1 Rb2 39. Rc8 Bg2+ 40.
Ke1 Bxh3 41. Ne5+ Kf6 42. Nc4 e5 43. Rc6+ 1-0

[Event "AUTO-OPEN-4511"]
[Site "http://www.queenalice.com/game.php?id=1832271"]
[Date "2024.2.23"]
[Round "1"]
[White "Rafale2000"]
[Black "AsterBlistok"]
[Result "0-1"]
[WhiteElo "2000"]
[BlackElo "2218"]

1. e4 d5 2. exd5 Nf6 3. Bb5+ Bd7 4. Bc4 b5 5. Bb3 a5 6. a3 a4 7. Ba2 c6 8. Qf3
Bg4 9. Qd3 Qd6 10. Nc3 Qe5+ 11. Nce2 Bf5 12. Qd4 Qe4 13. Qxe4 Bxe4 14. dxc6 Bxg2
15. Ng3 Bxh1 16. c7 Nbd7 17. Nxh1 Rc8 18. d4 Rxc7 19. c3 e6 20. Ng3 Bd6 21. Nf3
O-O 22. Bd2 Nb6 23. Ke2 Nc4 24. Bxc4 Rxc4 25. Rd1 Bxg3 26. hxg3 Ng4 27. Rh1 f5
28. Ng5 h6 29. Nf3 Re8 30. Bf4 g5 31. Bd6 Rc6 32. Bc5 e5 33. b4 exd4+ 34. Kd3
Nxf2+ 0-1

[Event "AUTO-OPEN-4511"]
[Site "http://www.queenalice.com/game.php?id=1842887"]
[Date "2024.9.2"]
[Round "2"]
[White "cerenzo72"]
[Black "AsterBlistok"]
[Result "1/2-1/2"]
[WhiteElo "2156"]
[BlackElo "2232"]

1. e4 d5 2. exd5 Nf6 3. c4 e6 4. dxe6 Bxe6 5. d4 Bb4+ 6. Bd2 Qe7 7. Be2 O-O 8.
Qb3 Bxd2+ 9. Nxd2 c6 10. Ngf3 Qc7 11. O-O Nbd7 12. Rac1 b5 13. Qd3 bxc4 14. Nxc4
Rfd8 15. Ng5 Bd5 16. Ne3 Bxa2 17. Bf3 Ne5 18. Qc2 Rxd4 19. b3 Nd3 20. Qxa2 Nxc1
21. Qb2 Nxb3 22. Qxb3 a5 23. Rc1 Rh4 24. h3 a4 25. Qa3 Qa5 26. Bxc6 Rc8 27. Nf3
Rb4 28. Nf5 Rcb8 29. N3d4 Rb1 1/2-1/2

[Event "AUTO-OPEN-4511"]
[Site "http://www.queenalice.com/game.php?id=1842888"]
[Date "2024.9.2"]
[Round "2"]
[White "AsterBlistok"]
[Black "cerenzo72"]
[Result "1-0"]
[WhiteElo "2226"]
[BlackElo "2099"]

1. e4 e5 2. Bc4 Nc6 3. d3 Nf6 4. Nf3 Be7 5. O-O O-O 6. Nc3 Na5 7. Nxe5 d6 8. b4
Nxc4 9. Nxc4 b5 10. Nxb5 Ba6 11. Nd4 Bxc4 12. dxc4 Nxe4 13. Qe1 d5 14. f3 Nf6
15. Nc6 Bxb4 16. Qxb4 Qd7 17. Ne7+ Kh8 18. Rd1 Rab8 19. Qc5 Rb6 20. Ng6+ fxg6
21. Qxf8+ Ng8 22. Ba3 Rf6 23. Qc5 1-0

[Event "AUTO-OPEN-4511"]
[Site "http://www.queenalice.com/game.php?id=1842891"]
[Date "2024.9.2"]
[Round "2"]
[White "delphicoracle"]
[Black "AsterBlistok"]
[Result "1-0"]
[WhiteElo "2577"]
[BlackElo "2234"]

1. d4 d5 2. Nf3 Bf5 3. c4 e6 4. Nc3 Bb4 5. cxd5 exd5 6. Bf4 Nc6 7. e3 Nge7 8.
Bb5 O-O 9. O-O a6 10. Bxc6 Nxc6 11. Rc1 Ne7 12. Qb3 Bxc3 13. Rxc3 Nc6 14. Qxb7
Na5 15. Qxc7 Nc4 16. Qxd8 Rfxd8 17. b3 Na3 18. Ne5 Nb5 19. Rc5 f6 20. Nc6 Re8
21. Rxd5 Bd3 22. Rc1 Rac8 23. Ne7+ 1-0

[Event "AUTO-OPEN-4511"]
[Site "http://www.queenalice.com/game.php?id=1842892"]
[Date "2024.9.2"]
[Round "2"]
[White "AsterBlistok"]
[Black "delphicoracle"]
[Result "0-1"]
[WhiteElo "2228"]
[BlackElo "2572"]

1. e4 Nc6 2. Bc4 Nf6 3. d3 e6 4. Nf3 d5 5. exd5 exd5 6. Bb3 Be7 7. O-O O-O 8.
Nc3 Bg4 9. Bg5 Nd4 10. Bxf6 Bxf6 11. Bxd5 c6 12. Be4 Be5 13. h3 Bxf3 14. Bxf3 f5
15. Re1 Qd6 16. Kf1 Rae8 17. Na4 Bf6 18. c3 Qh2 19. Rxe8 Qh1# 0-1